000 00531nam a2200181Ia 4500
008 090124s9999 xx 000 0 und d
082 _b4389
_a538
100 _aफाटक ग. कृ.
245 _a स्वर्गसाम्राज्य
250 _a1
260 _c1931
300 _a102
600 _aफाटक ग. कृ.
630 _a स्वर्गसाम्राज्य
700 _aफाटक ग. कृ.
730 _a स्वर्गसाम्राज्य
942 _cBOOK
999 _c118330
_d118330